[Event "Topusko Amateur op 6th"]
[Site "Topusko"]
[Date "2017.08.13"]
[Round "2"]
[White "Sabic, Medin"]
[Black "Mahmutovic, Mihrudin"]
[Result "0-1"]
[WhiteElo "1980"]
[BlackElo "1710"]
[PlyCount "54"]
[EventDate "2017.08.12"]
[EventType "swiss"]
[EventRounds "9"]
[EventCountry "CRO"]
[SourceTitle "CBM 180 Extra"]
[Source "ChessBase"]
[SourceDate "2017.10.06"]
[SourceVersion "1"]
[SourceVersionDate "2017.10.06"]
[SourceQuality "1"]

1. d4 Nf6 2. c4 g6 3. Nc3 Bg7 4. Bf4 d6 5. e3 0-0 6. Nf3 c6 7. h3 Qa5 8. Be2 Nbd7 9. 0-0 e5 10. Bh2 Re8 11. a3 e4 12. b4 Qd8 13. Nd2 Nf8 14. Qc2 Qe7 15. Rae1 g5 16. c5 d5 17. Bd6 Qd8 18. g4 Ng6 19. f3 exf3 20. Bxf3 Nh4 21. Qd3 h5 22. e4 hxg4 23. Bxg4 Nxg4 24. hxg4 Qd7 25. exd5 Qxg4+ 26. Bg3 Bxd4+ 27. Qxd4 Qxg3+ 0-1

[Event "Topusko op 5th"]
[Site "Topusko"]
[Date "2016.08.10"]
[Round "6"]
[White "Sabic, Medin"]
[Black "Levar, Nenad"]
[Result "1/2-1/2"]
[WhiteElo "2000"]
[BlackElo "2015"]
[PlyCount "20"]
[EventDate "2016.08.06"]
[EventType "swiss"]
[EventRounds "9"]
[EventCountry "CRO"]
[SourceTitle "CBM 173 Extra"]
[Source "ChessBase"]
[SourceDate "2016.08.29"]
[SourceVersion "1"]
[SourceVersionDate "2016.08.29"]
[SourceQuality "1"]

1. d4 Nf6 2. Bf4 c6 3. e3 Qb6 4. b3 g6 5. Nf3 d6 6. h3 Bg7 7. Be2 0-0 8. 0-0 a5 9. c4 Nfd7 10. Nc3 Na6 1/2-1/2

[Event "Topusko op 5th"]
[Site "Topusko"]
[Date "2016.08.06"]
[Round "1"]
[White "Sabic, Medin"]
[Black "Klasan, Elvis"]
[Result "1/2-1/2"]
[WhiteElo "2000"]
[BlackElo "1977"]
[PlyCount "137"]
[EventDate "2016.08.06"]
[EventType "swiss"]
[EventRounds "9"]
[EventCountry "CRO"]
[SourceTitle "CBM 173 Extra"]
[Source "ChessBase"]
[SourceDate "2016.08.29"]
[SourceVersion "1"]
[SourceVersionDate "2016.08.29"]
[SourceQuality "1"]

1. d4 Nf6 2. Bf4 g6 3. Nf3 Bg7 4. e3 Nh5 5. Be5 f6 6. Bg3 Nxg3 7. fxg3 d5 8. c3 0-0 9. Be2 c6 10. 0-0 Qb6 11. Qb3 Bh6 12. Nbd2 Bxe3+ 13. Kh1 Bg4 14. Qxb6 axb6 15. Nb3 Nd7 16. h3 Bf5 17. g4 Be4 18. Nfd2 Bxd2 19. Nxd2 f5 20. a3 c5 21. Nb3 c4 22. Nd2 e5 23. gxf5 gxf5 24. Nxe4 fxe4 25. Bg4 Nf6 26. Be6+ Kh8 27. dxe5 Rae8 28. Rxf6 Rxf6 29. exf6 Rxe6 30. Rf1 Kg8 31. g4 h6 32. h4 Kf7 33. g5 Re8 34. Kg2 hxg5 35. hxg5 Kg6 36. Kf2 Kxg5 37. Ke3 Rf8 38. Rd1 Rd8 39. f7 Kg6 40. f8Q Rxf8 41. Rxd5 Re8 42. Rd6+ Kf5 43. Rxb6 Re5 44. Rxb7 Rd5 45. Rf7+ Ke5 46. Re7+ Kf5 47. Rb7 Rd3+ 48. Ke2 Kf4 49. a4 Re3+ 50. Kd2 Rd3+ 51. Ke2 Rh3 52. Rf7+ Ke5 53. Re7+ Kd5 54. Rd7+ Ke6 55. Rd4 Ke5 56. a5 Rh2+ 57. Ke3 Rh3+ 58. Ke2 Kf4 59. Rxc4 Rh2+ 60. Kf1 Rxb2 61. a6 Ke3 62. a7 Rb1+ 63. Kg2 Rb2+ 64. Kg3 Ra2 65. a8Q Rxa8 66. Rc7 Kd2 67. Re7 Kxc3 68. Rxe4 Kd3 69. Kf3 1/2-1/2